LEADER 01165nam a2200265 i 4500 001 000000118883 003 CaOOAMICUS 005 20031010000000.0 008 031010s2001 it u000 u ita u 013 $a91576 020 $a88-215-4376-5 040 $aSeMil$bita 100 1 $aCrivelli, Luigi .$0(OLS)http://semarc/name/23262 245 13$aIl venerabile Francesco Paleari :$bamico dei poveri, educatore di anime sacerdotali /$cLuigi Crivelli. 260 $aCinisello Balsamo :$bSan Paolo,$ccopyr. 2001. 300 $a160 p., [8] p. di tav. ;$c22 cm. 500 $aFondo Card. C.M. Martini. 650 4$aPaleari, Francesco .$0(OLS)http://semarc/subject/22207 850 $aSeMil 852 $aSeMil$W1$xVenegono$y1$m3J V 36$j74129$B74129$CSeMilBibl$Z2$F97829 $81 941 1 $a4 961 $aOmaggio: Martini Card. Carlo Maria 996 $6020$a88-215-4376-5$9(OLS)http://semarc/number/103575 996 $6245$aIl venerabile Francesco Paleari :$bamico dei poveri, educatore di anime sacerdotali$9(OLS)http://semarc/title/174635 996 $6260$aCinisello Balsamo :$bSan Paolo$9(OLS)http://semarc/publisher/30129